00792nam a2200229 a 450000100060000000300090000600800410001502000150005604000280007108200180009910000380011724500620015526000290021730000100024659000600025665000220031665000150033865000270035394200120038099900170039295201530040915583CO-ViMGA141112s2004 ck r 000 u spa d a9586832716 aCO-ViMGAbspacCO-ViMGA04a323.042 T676e1 aToro Arango, Jose Bernardo92253410aEl ciudadano y su papel en la construcción de lo social aBogotá, cCeja, c2000 a44.p. aForma de adquisición : donación - - Precio : 10.00014aCIUDADANIA92253514aDEMOCRACIA14aGRUPOS SOCIALES922536 2ddccBK c25799d25799 00102ddc40708002aMEVIECARbMEVIECARd2015-12-04hVolumen. 1 | 11/jun/2009l0o323.042 T676e p15583r2015-12-04 00:00:00tEj. 1w2015-12-04yBK